| 000 | 00364nam a2200145Ia 4500 | ||
|---|---|---|---|
| 008 | 230711s9999||||xx |||||||||||||| ||und|| | ||
| 041 | _aENG | ||
| 082 |
_a624 _bKE-J |
||
| 100 | _aKempster,M.H.A | ||
| 245 | 3 | _aAn Introduction to jig and tool design | |
| 250 | _a3rd Ed. | ||
| 260 |
_c1984 _aNew Delhi _bElbs Britain |
||
| 650 | _aMechanical Engineering | ||
| 942 | _cBK | ||
| 999 |
_c925 _d925 |
||